| 000 | 00852nmm a2200265 a 4500 | ||
|---|---|---|---|
| 001 | ocm0002016225 | ||
| 003 | TR-IsHL | ||
| 005 | 20201028175711.0 | ||
| 008 | 181107s2009 tu tur | ||
| 007 | cr cn | ||
| 020 | _a9789756335666 | ||
| 035 |
_a2016225 _b(N$T) |
||
| 050 | 0 | 4 |
_aPL248.U635. _bY6 2009 |
| 090 | 0 | 4 |
_aPL248.U635. _bY6 2009 |
| 100 | 1 | _aÜnal, Aşık Fikret | |
| 245 | 1 | 0 |
_aYoruldum gönül _h[electronic resource] / _cAşık Fikret Ünal |
| 260 |
_aİstanbul : _bErguvan Yayınları, _c2009 |
||
| 300 | _a448 p. | ||
| 650 | 4 | _aDil ve Edebiyat | |
| 650 | 4 | _aLanguage and Literature | |
| 650 | 0 |
_aTürk edebiyatı _x Şiir |
|
| 650 | 0 |
_aTurkısh literature _x Poetry |
|
| 650 | 7 |
_aPOETRY / Middle Eastern _2bisacsh |
|
| 856 | 4 | 0 | _uhttp://search.ebscohost.com/login.aspx?direct=true&scope=site&db=e011xww&AN=2016225 |
| 999 |
_c18796 _d18796 |
||